00200 a2200109 4500001000700000020000600007040001100013100002000024240002100044245001600065362000900081162768 a  cMagnum aDarrigo, Marina10aTutys dreamlING10aTutys dream0 a1899